Wrestlers on WWE Game Covers - Statistics

General Stats
  • This quiz has been taken 175 times
  • The average score is 24 of 29
Answer Stats
Hint Answer % Correct
2006 John Cena
98%
2008 John Cena
98%
2010 John Cena
98%
2K15 John Cena
98%
2K20 Roman Reigns
92%
2010 Rey Mysterio
91%
2K22 Rey Mysterio
91%
2K18 Seth Rollins
91%
2K17 Brock Lesnar
89%
2K14 The Rock
88%
2007 Triple H
88%
2009 Triple H
88%
2008 The Undertaker
86%
2010 The Undertaker
86%
2011 The Undertaker
86%
2010 Randy Orton
85%
2011 Randy Orton
85%
'12 Randy Orton
85%
'13 CM Punk
84%
2K16 Steve Austin
84%
2K20 Becky Lynch
78%
2009 Shawn Michaels
78%
2K19 AJ Styles
75%
2006 Batista
72%
2010 Edge
64%
SvR Vince McMahon
61%
2008 Bobby Lashley
54%
2K14 Daniel Bryan
49%
2011 Sheamus
37%
No matching quizzes found
Score Distribution
Percent of People with Each Score
Percentile by Number Answered
Your Score History
You have not taken this quiz